Generator Puzzle #31 - Statistics

General Stats
  • This quiz has been taken 838 times
  • The average score is 11 of 21
Answer Stats
Hint Answer % Correct
Absolutely not; at no time Never
91%
Armed forces retiree Veteran
82%
Become extremely hungry Starve
77%
Betrayal of one's country Treason
77%
Marks Jesus' resurrection Easter
76%
Most close to Nearest
74%
Justification; explanation Reason
73%
Concert; sports game; party Event
64%
Ale-house; pub; inn Tavern
64%
Roman supreme council Senate
58%
Consumes too much Overeats
55%
A chest containing treasure Trove
54%
Hotplates + oven = Stove
53%
Serves a six year term in US Senator
52%
Seem familiar; reverberate Resonate
37%
Blatant; obvious Overt
27%
Person employed by another Servant
27%
Opposed to; disinclined Averse
21%
Avoid; ward off Avert
21%
9-Letter Word RENOVATES
15%
Sincere Earnest
10%
No matching quizzes found
Score Distribution
Percent of People with Each Score
Percentile by Number Answered
Your Score History
You have not taken this quiz